| 000 | 00647nam a2200217Ia 4500 | ||
|---|---|---|---|
| 003 | IN-BaIIA | ||
| 008 | 211028s9999 xx 000 0 eng d | ||
| 020 | _a0 444 85444 4 | ||
| 040 | _cIIA Library | ||
| 080 |
_a047.1:535 _bPRO-19 |
||
| 245 | 0 |
_aProgress in optics _bvol. 19 _cedited by E. Wolf |
|
| 260 |
_aAmsterdam _bNorth-Holland _c1981 |
||
| 300 | _axvi, 393p. | ||
| 650 |
_aAstronomical optics _92030 |
||
| 650 | _aAstronomy and astrophysics thesaurus | ||
| 650 |
_aOptical properties _93730 |
||
| 650 | _aOptics | ||
| 650 |
_aPhysics _973 |
||
| 700 |
_aWolf, E., ed. _93849 |
||
| 942 | _cBK | ||
| 999 |
_c6850 _d6850 |
||